LEADER 01060nam0-2200337---450- 001 990008469410403321 005 20070328122649.0 010 $a3-89646-354-3 035 $a000846941 035 $aFED01000846941 035 $a(Aleph)000846941FED01 035 $a000846941 100 $a20070215d2004----km-y0itay50------ba 101 0 $ager 102 $aDE 105 $aaf--g---001yy 200 1 $aAnonyme griechische Porträts des 4. Jhs. v. Chr.$eChronologie und Typologie$fDirk Piekarski 210 $aRahden$cLeidorf$d©2004 215 $a210 p., 39 p. di tav.$cill.$d30 cm 225 1 $aInternationale Archäologie$fherausgegeben von Claus Dobit und Klaus Leidorf$v82 610 0 $aScultura greca$aRitratti 676 $a733.3$v21$zita 676 $a930.1$v21$zita 700 1$aPiekarski,$bDirk$0300206 801 0$aIT$bUNINA$gRICA$2UNIMARC 901 $aBK 912 $a990008469410403321 952 $a930.1 PIE 2$bBibl. 52954$fFLFBC 959 $aFLFBC 996 $aAnonyme griechische Porträts des 4. Jhs. v. Chr$9729608 997 $aUNINA LEADER 01367nam a2200349 i 4500 001 991000669669707536 005 20020507172032.0 008 950912s1981 de ||| | eng 020 $a3540111573 035 $ab10740740-39ule_inst 035 $aLE01300451$9ExL 040 $aDip.to Matematica$beng 082 0 $a001.642 082 0 $a511.8 084 $aAMS 68-06 084 $aAMS 68-XX 100 1 $aErshov, Andrei P.$0534590 245 10$aAlgorithms in modern mathematics and computer science :$bproceedings, Urgench, Uzbek SSR, September 16-22, 1979 /$cedited by A. P. Ershov and D.E. Knuth 260 $aBerlin :$bSpringer-Verlag,$c1981 300 $axi, 487 p. :$bill. ;$c24 cm. 500 $aIncludes bibliographies and index. 500 $a"The symposium was organized by the Academy of Sciences of the Uzbek S.S.R."- Foreword 650 4$aComputer algorithms$xCongresses 650 4$aComputer science$xCongresses 650 4$aProgramming$xCongresses 700 1 $aKnuth, Donald E. 907 $a.b10740740$b21-09-06$c28-06-02 912 $a991000669669707536 945 $aLE013 68-XX ERS11 (1981)$g1$i2013000035093$lle013$o-$pE0.00$q-$rl$s- $t0$u0$v0$w0$x0$y.i10831770$z28-06-02 996 $aAlgorithms in modern mathematics and computer science$9910899 997 $aUNISALENTO 998 $ale013$b01-01-95$cm$da $e-$feng$gde $h0$i1